000 00585nab a2200193 4500
001 244442
003 OSt
005 20230818072157.0
007 tu
008 200917s2020|||||||
040 _aDE-2950
_cDE-2950
245 0 0 _aAnruf - Linien Taxi fährt nicht mehr
_bAnbindung. Die NEB hatte für Fahrten zum Helenesee ein Unternehmen beauftragt. Doch es gibt Probleme/
_csam
264 _c2023
653 _aFrankfurt (Oder)
653 _aNEB
653 _aAnruf-Linien Taxi
773 0 _g34. Jahrgang (2023) Nr. 190 vom 16.08.2023, S. 16,
_tMärkische Oderzeitung
942 _2z
_cA
999 _c372686
_d372686